| 000 -LEADER |
| fixed length control field |
01035nam a22002177a 4500 |
| 003 - CONTROL NUMBER IDENTIFIER |
| control field |
OSt |
| 005 - DATE AND TIME OF LATEST TRANSACTION |
| control field |
20180927092900.0 |
| 008 - FIXED-LENGTH DATA ELEMENTS--GENERAL INFORMATION |
| fixed length control field |
180220b xxu||||| |||| 00| 0 spa d |
| 020 ## - INTERNATIONAL STANDARD BOOK NUMBER |
| International Standard Book Number |
9501401448 |
| 040 ## - CATALOGING SOURCE |
| Transcribing agency |
PJ |
| 100 ## - ASIENTO PRINCIPAL - NOMBRE DE PERSONA |
| 9 (RLIN) |
2034 |
| Personal name |
Kenny, Héctor Eduardo |
| 245 13 - MENCIÓN DE TÍTULO |
| Título propiamente dicho |
La intervención obligada de terceros en el proceso civil / |
| Mención de responsabilidad, etc |
Héctor Eduardo Kenny. |
| 260 ## - PUBLICATION, DISTRIBUTION, ETC. (IMPRINT) |
| Place of publication, distribution, etc |
Buenos Aires : |
| Date of publication, distribution, etc |
Depalma, |
| Name of publisher, distributor, etc |
1983. |
| 300 ## - DESCRIPCION FISICA |
| Extent |
148 p. |
| Dimensions |
20 cm. |
| 500 ## - NOTA GENERAL |
| General note |
Notas y citas bibliográficas a pie de página. |
| 505 ## - FORMATTED CONTENTS NOTE |
| Formatted contents note |
Contenido:<br/>Las partes en el proceso contencioso -- Pluralidad de partes -- Naturaleza jurídica de la intervención obligada de terceros -- Casos de intervención coactiva y diferencias con otras figuras procesales -- Del trámite de la intervención obligada en particular -- Contingencias procesales derivadas de la intervención del tercero. |
| 650 #0 - ASIENTO SECUNDARIO DE MATERIA - TERMINO TEMATICO |
| 9 (RLIN) |
1148 |
| Topical term or geographic name as entry element |
DERECHO PROCESAL CIVIL |
| 650 #0 - ASIENTO SECUNDARIO DE MATERIA - TERMINO TEMATICO |
| 9 (RLIN) |
2362 |
| Topical term or geographic name as entry element |
PARTES DEL PROCESO |
| 650 #0 - ASIENTO SECUNDARIO DE MATERIA - TERMINO TEMATICO |
| 9 (RLIN) |
2363 |
| Topical term or geographic name as entry element |
INTERVENCIÓN DE TERCEROS |
| 942 ## - ADDED ENTRY ELEMENTS (KOHA) |
| Source of classification or shelving scheme |
|
| Koha item type |
Libros |
| Classification part |
347.921.3 |
| Item part |
KEN |